00473nam a2200133Ia 4500008004100000082001300041100003000054245013600084260003900220300001400259520001100273650002800284700002700312230907s9999||||xx |||||||||||||| ||und|| a620bHAM aHamad Gohar (00000318657) 0aInvestigating the characterization, kinetic mechanism, and thermodynamic behaviour of coal-biomass blends in co-pyrolysis process / aUSPCAS-E, NUST,bIslamabad :c2022 aix, 78 p. aTH-363 aMS-TEE Thesis MS Thesis aDr. Asif Hussain Khoja